Soil chemical analysis (Record no. 23734)

MARC details
000 -LEADER
fixed length control field 00339nam a2200133Ia 4500
082 ## - DEWEY DECIMAL CLASSIFICATION NUMBER
Classification number 631.4:54.06
Item number JAC
100 ## - MAIN ENTRY--AUTHOR NAME
Personal name JACKSON, M L
245 #0 - TITLE STATEMENT
Title Soil chemical analysis
260 ## - PUBLICATION, DISTRIBUTION, ETC. (IMPRINT)
Place of publication Delhi
Name of publisher Prentice Hall
Year of publication 1973
650 ## - SUBJECT ADDED ENTRY--TOPICAL TERM
Topical Term Plant tissue analysis
650 ## - SUBJECT ADDED ENTRY--TOPICAL TERM
Topical Term Soil analysis
942 ## - ADDED ENTRY ELEMENTS (KOHA)
Koha item type Books
Holdings
Withdrawn status Lost status Damaged status Not for loan Home library Current library Date acquired Full call number Accession Number Koha item type
        RRII Library RRII Library 16/12/2021 631.4:54.06 JAC 04430 Books